| 000 | 00347nam a2200133Ia 4500 | ||
|---|---|---|---|
| 008 | 150202s9999 xx 000 0 und d | ||
| 020 | _a821741519 | ||
| 050 |
_aFIC _bFIC |
||
| 100 | _aCarpenter, Teresa. | ||
| 245 |
_aMOB girl / _cTeresa Carpenter. |
||
| 260 |
_aUSA : _bZebra Books _c1992. |
||
| 300 |
_a420 pages : _c18 cm. |
||
| 650 | _aFiction. | ||
| 999 |
_c281909 _d281909 |
||